| 000 | 00410nam a22001697a 4500 | ||
|---|---|---|---|
| 005 | 20160627111353.0 | ||
| 008 | 160627b xxu||||| |||| 00| 0 eng d | ||
| 020 | _a81-229-0192-1 | ||
| 041 | _aeng | ||
| 082 | _b10266 | ||
| 100 |
_aHerrick, Dennis F _92809 |
||
| 245 | _aMedia Management in the age of Gauts | ||
| 260 |
_bSurjeet _c2005 |
||
| 300 | _a387 | ||
| 650 |
_aMass Communication _92660 |
||
| 942 | _cBK | ||
| 999 |
_c4184 _d4183 |
||